Hải ngoại huyết thư

Αποθηκεύτηκε σε:
Λεπτομέρειες βιβλιογραφικής εγγραφής
Κύριος συγγραφέας: Phan, Bội Châu
Άλλοι συγγραφείς: Sử, Học Chương Thâu
Μορφή: Βιβλίο
Γλώσσα:Undetermined
Έκδοση: H. Thanh niên 2017
Θέματα:
Διαθέσιμο Online:http://lrc.tdmu.edu.vn/opac/search/detail.asp?aID=2&ID=33014
Ετικέτες: Προσθήκη ετικέτας
Δεν υπάρχουν, Καταχωρήστε ετικέτα πρώτοι!
Thư viện lưu trữ: Trung tâm Học liệu Trường Đại học Thủ Dầu Một
LEADER 00676nam a2200205Ia 4500
001 TDMU_33014
008 210410s9999 xx 000 0 und d
082 |a 303.6 
090 |b PH105 
100 |a Phan, Bội Châu 
245 0 |a Hải ngoại huyết thư 
245 0 |c Phan Bội Châu, Chương Thâu (s.t, g.thiệu) 
260 |a H. 
260 |b Thanh niên 
260 |c 2017 
300 |a 184 tr 
650 |a Văn học hiện đại  |x Thơ  |z Việt Nam 
700 |a Sử, Học Chương Thâu 
856 |u http://lrc.tdmu.edu.vn/opac/search/detail.asp?aID=2&ID=33014 
980 |a Trung tâm Học liệu Trường Đại học Thủ Dầu Một